The gospel and its ministry / (Record no. 4805)
[ view plain ]
| 000 -LEADER | |
|---|---|
| fixed length control field | 00863cam a2200265 i 4500 |
| 001 - CONTROL NUMBER | |
| control field | 1791461 |
| 003 - CONTROL NUMBER IDENTIFIER | |
| control field | GBCCL |
| 005 - DATE AND TIME OF LATEST TRANSACTION | |
| control field | 20241126110527.0 |
| 008 - FIXED-LENGTH DATA ELEMENTS--GENERAL INFORMATION | |
| fixed length control field | 780522r1978 miu b 001 0 eng |
| 010 ## - | |
| -- | 78009539 |
| 020 ## - INTERNATIONAL STANDARD BOOK NUMBER | |
| International Standard Book Number | 0825421268 : |
| Terms of availability | $3.50 |
| 040 ## - CATALOGING SOURCE | |
| Original cataloging agency | DLC |
| Transcribing agency | DLC |
| Modifying agency | DLC |
| 050 00 - | |
| -- | BT751.2 |
| -- | .A5 1978 |
| 082 00 - DEWEY DECIMAL CLASSIFICATION NUMBER | |
| Classification number | 234 |
| Item number | AND |
| 100 1# - MAIN ENTRY--PERSONAL NAME | |
| Personal name | Anderson, Robert, |
| Dates associated with a name | 1841-1918. |
| 9 (RLIN) | 8766 |
| 245 14 - TITLE STATEMENT | |
| Title | The gospel and its ministry / |
| Statement of responsibility, etc. | by Sir Robert Anderson. |
| 260 ## - PUBLICATION, DISTRIBUTION, ETC. | |
| Place of publication, distribution, etc. | Grand Rapids : |
| Name of publisher, distributor, etc. | Kregel Publications, |
| Date of publication, distribution, etc. | c1978. |
| 300 ## - PHYSICAL DESCRIPTION | |
| Extent | x, 212 p. ; |
| Dimensions | 19 cm. |
| 500 ## - GENERAL NOTE | |
| General note | "Sir Robert Anderson library series." |
| 500 ## - GENERAL NOTE | |
| General note | Reprint of the 18th ed. published by Pickering & Inglis, London. |
| 504 ## - BIBLIOGRAPHY, ETC. NOTE | |
| Bibliography, etc. note | Includes bibliographical references and indexes. |
| 650 #0 - SUBJECT ADDED ENTRY--TOPICAL TERM | |
| Topical term or geographic name entry element | Salvation. |
| 9 (RLIN) | 452 |
| 906 ## - LOCAL DATA ELEMENT F, LDF (RLIN) | |
| a | 7 |
| b | cbc |
| c | orignew |
| d | 1 |
| e | ocip |
| f | 19 |
| g | y-gencatlg |
| 942 ## - ADDED ENTRY ELEMENTS (KOHA) | |
| Source of classification or shelving scheme | Dewey Decimal Classification |
| Koha item type | Books |
| Koha issues (borrowed), all copies | 2 |
| Withdrawn status | Lost status | Source of classification or shelving scheme | Damaged status | Not for loan | Home library | Current Library | Shelving location | Date acquired | Total checkouts | Total renewals | Full call number | Barcode | Date last seen | Date last checked out | Copy number | Price effective from | Koha item type |
|---|---|---|---|---|---|---|---|---|---|---|---|---|---|---|---|---|---|
| Dewey Decimal Classification | GRACE BIBLE COLLEGE | GRACE BIBLE COLLEGE | Theology | 2018-02-07 | 2 | 1 | 234 AND | 004153 | 2025-05-01 | 2018-11-20 | c.1 | 2018-02-07 | Books |